[Event "Minsk Bronstein 100 Memorial op"]
[Site "Minsk"]
[Date "2024.02.17"]
[Round "2"]
[White "Zarubitski, Viachaslau"]
[Black "Sarychev, Pavel"]
[Result "1-0"]
[WhiteElo "2402"]
[BlackElo "1515"]
[PlyCount "55"]
[EventDate "2024.02.17"]
[EventType "swiss"]
[EventRounds "10"]
[EventCountry "BLR"]
[SourceTitle "CB08_2024"]
[SourceDate "2024.02.21"]
[SourceVersion "1"]
[SourceVersionDate "2024.02.21"]
[SourceQuality "1"]

1. e4 Nf6 2. e5 Nd5 3. d4 d6 4. Nf3 dxe5 5. Nxe5 g6 6. Be2 Bg7 7. 0-0 0-0 8. Nf3 Nd7 9. Re1 N7b6 10. c4 Nf6 11. a4 Bg4 12. a5 Bxf3 13. Bxf3 Nxc4 14. a6 Nd5 15. axb7 Rb8 16. Nc3 e6 17. Rxa7 Qd6 18. Nxd5 exd5 19. b3 Qb6 20. Ra4 Nd6 21. Bxd5 Nxb7 22. Ba3 Nd6 23. Bc5 Qb5 24. Re7 Rbc8 25. Qf1 Qxf1+ 26. Kxf1 Nf5 27. Rd7 Nd6 28. Ra7 1-0

[Event "BLR-ch sf"]
[Site "Minsk"]
[Date "2023.12.15"]
[Round "9"]
[White "Kaniusheuski, Raman"]
[Black "Sarychev, Pavel"]
[Result "0-1"]
[WhiteElo "1736"]
[BlackElo "1421"]
[PlyCount "52"]
[EventDate "2023.12.07"]
[EventType "swiss"]
[EventRounds "9"]
[EventCountry "BLR"]
[SourceTitle "CB51_2023"]
[SourceDate "2023.12.20"]
[SourceVersion "1"]
[SourceVersionDate "2023.12.20"]
[SourceQuality "1"]

1. e4 Nf6 2. e5 Nd5 3. c4 Nb6 4. d4 d6 5. f4 g6 6. Nc3 Bg7 7. Be3 Be6 8. Nf3 0-0 9. Nd2 dxe5 10. fxe5 c5 11. d5 Bc8 12. Bxc5 N8d7 13. Bd4 Nxe5 14. Nf3 Nxf3+ 15. gxf3 e6 16. d6 Nxc4 17. Bxc4 Qh4+ 18. Ke2 Bxd4 19. Ne4 e5 20. Qe1 Qf4 21. Qg3 Be6 22. Bb5 Qe3+ 23. Kf1 Rac8 24. Re1 Rc1 25. Be2 Rxe1+ 26. Kxe1 Rc8 0-1